[Event "WchT 9th"]
[Site "Antalya"]
[Date "2013.12.04"]
[Round "8.1"]
[White "Solak, Dragan"]
[Black "Kamsky, Gata"]
[Result "1/2-1/2"]
[WhiteElo "2618"]
[BlackElo "2721"]
[PlyCount "110"]
[EventDate "2013.11.26"]
[EventType "team-tourn"]
[EventRounds "9"]
[EventCountry "TUR"]
[SourceTitle "CBM 158"]
[Source "ChessBase"]
[SourceDate "2014.01.16"]
[SourceVersion "1"]
[SourceVersionDate "2014.01.16"]
[SourceQuality "1"]
[WhiteTeam "Turkey"]
[BlackTeam "US of America"]
[WhiteTeamCountry "TUR"]
[BlackTeamCountry "USA"]

1. e4 c6 2. d4 d5 3. exd5 cxd5 4. c4 Nf6 5. Nc3 g6 6. Qb3 Bg7 7. cxd5 O-O 8.
Be2 Na6 9. Bf3 Qb6 10. Qxb6 axb6 11. Nge2 Nb4 12. O-O Rd8 13. d6 Rxd6 14. Bf4
Rd7 15. Rfd1 e6 16. Rac1 Nfd5 17. Nxd5 Nxd5 18. Be5 f6 19. Bg3 Rd8 20. Nc3 Nxc3
21. Rxc3 Rxa2 22. Bc7 Re8 23. Rb3 Bd7 24. Rxb6 Bc6 25. Re1 Re7 26. Bd6 Rd7 27.
Bc5 Bxf3 28. gxf3 e5 29. dxe5 fxe5 30. Ba3 Kf7 31. Kg2 Bf6 32. Re4 Be7 33. Bxe7
Rxe7 34. Reb4 Ra7 35. Kg3 Kg7 36. R6b5 Kf6 37. Kg4 Rd7 38. Rb6+ Kg7 39. Kg3 Kh6
40. R6b5 Re7 41. Re4 Ra2 42. Kg2 Rd7 43. Re2 Re7 44. Re4 Rd7 45. Rh4+ Kg7 46.
Rhb4 Ra1 47. Rxe5 Rc1 48. Reb5 Rcc7 49. Kg3 Kh6 50. Rh4+ Kg7 51. Rhb4 Kh6 52.
Rb3 Rc2 53. Rxb7 Rdd2 54. Rc3 Rxb2 55. Rxb2 Rxb2 1/2-1/2

[Event "WchT 9th"]
[Site "Antalya"]
[Date "2013.12.05"]
[Round "9.2"]
[White "Van Wely, Loek"]
[Black "Kamsky, Gata"]
[Result "1/2-1/2"]
[WhiteElo "2678"]
[BlackElo "2721"]
[PlyCount "75"]
[EventDate "2013.11.26"]
[EventType "team-tourn"]
[EventRounds "9"]
[EventCountry "TUR"]
[SourceTitle "CBM 158"]
[Source "ChessBase"]
[SourceDate "2014.01.16"]
[SourceVersion "1"]
[SourceVersionDate "2014.01.16"]
[SourceQuality "1"]
[WhiteTeam "Netherlands"]
[BlackTeam "US of America"]
[WhiteTeamCountry "NED"]
[BlackTeamCountry "USA"]

1. d4 Nf6 2. c4 e6 3. Nf3 b6 4. g3 Ba6 5. Qb3 Nc6 6. Nbd2 Na5 7. Qc3 c5 8. dxc5
bxc5 9. e4 Bb7 10. e5 Ne4 11. Nxe4 Bxe4 12. Bg2 Nc6 13. O-O Bxf3 14. Qxf3 Rc8
15. Re1 h5 16. Qe4 Be7 17. Bd2 f5 18. exf6 Bxf6 19. Qg6+ Kf8 20. Be3 Nd4 21.
Rad1 a5 22. b3 h4 23. g4 h3 24. Bh1 Qc7 25. g5 Be5 26. f4 Bd6 27. Be4 Nc6 28.
Bc2 Kg8 29. Qd3 Nd4 30. Bxd4 cxd4 31. f5 Bxh2+ 32. Kh1 Qc6+ 33. Qe4 Bg3 34.
Qxc6 Rxc6 35. Re4 Rh4 36. Rexd4 Rxd4 37. Rxd4 Rd6 38. Rd3 1/2-1/2

[Event "Beijing Sportaccord rap"]
[Site "Beijing"]
[Date "2013.12.12"]
[Round "2"]
[White "Karjakin, Sergey"]
[Black "Kamsky, Gata"]
[Result "1-0"]
[WhiteElo "2756"]
[BlackElo "2721"]
[Annotator "Ramirez Alvarez,A"]
[PlyCount "93"]
[EventDate "2013.12.12"]
[EventType "swiss (rapid)"]
[EventRounds "7"]
[EventCountry "CHN"]
[SourceTitle "CBM 158"]
[Source "ChessBase"]
[SourceDate "2014.01.16"]
[SourceVersion "1"]
[SourceVersionDate "2014.01.16"]
[SourceQuality "1"]

1. e4 c5 2. Nf3 b6 {This is not the first time that Kamsky has played this
move which must be dubious. But perhaps after this game it will be the last.}
3. d4 cxd4 4. Nxd4 Bb7 5. Nc3 Nc6 6. Bf4 $1 {A strong move taking advantage of
Black's lack of control over many, many squares.} g6 7. Ndb5 (7. Nxc6 Bxc6 (
7... dxc6 $2 8. Nb5 $1 {is already completely lost for Black.}) 8. Qd4 {
seems unpleasant to say the last for the second player.} (8. Nd5 {may be even
stronger.})) 7... Rc8 8. Nd5 d6 9. Qd2 Bg7 $2 (9... a6 {was absolutely
mandatory. Perhaps Kamsky was afraid of} 10. Qc3 e5 11. Be3 axb5 12. Bxb5 {
but its not clear that this is all that strong for White.}) 10. O-O-O a6 11.
Nxe7 {Now Black's position falls apart.} axb5 12. Nxc8 Qxc8 13. Bxb5 Nge7 14.
Bxd6 O-O (14... Qe6 {is the computer recommendation but White should still be
almost winning after} 15. Bxc6+ Bxc6 16. Bxe7 Qxe7 17. Qd6 {and White has too
many pawns, despite his opponent's pair of bishops.}) 15. Bxc6 Nxc6 16. Bxf8
Qxf8 {A crazy material balance. White has two rooks for three pieces, but the
fact that he also has three pawns on top of that makes all the difference.} 17.
Qd6 Qa8 18. Kb1 b5 19. f4 Bc8 20. Qa3 Qb7 21. Rd5 h5 22. Rhd1 Bg4 23. R1d2 b4
24. Qe3 Qa6 25. R2d3 $2 Be6 (25... b3 $1 {was veyr strong and Black's last
chance to get back in the game.} 26. cxb3 Nb4 $13) 26. Qc5 Kh7 27. b3 $2 {
Very unnecessary, now Black will obtain couterplay on the dark squares.} Bxd5
28. exd5 Qa3 $1 {Creating problems.} 29. c3 Qa6 (29... Na7 30. Qxb4 {is a slow
but sure death.}) 30. Qc4 Qb6 31. dxc6 Qg1+ 32. Kc2 bxc3 33. Rxc3 $2 {
Eliminating the passed pawn is not what White needed at the moment.} (33. b4 $1
Qxg2+ 34. Kb3 Qb2+ 35. Ka4 c2 36. c7 c1=Q 37. c8=Q {is difficult to play with
limited time on the clock, but the variation seems to work for White.}) 33...
Qxg2+ 34. Kb1 Qg1+ 35. Rc1 Qf2 $1 {White has problems defending from the
simple threat of checkmate, despite his huge material advantage.} 36. Rc2 Qe1+
37. Rc1 Qd2 38. Qc2 Qd4 39. Qe2 Qa1+ 40. Kc2 Qxa2+ 41. Kd1 Qxb3+ 42. Rc2 Qb1+
$2 {Spoiling the hard work.} (42... Qd5+ $1 {is an immediate perpetual as
White cannot avoid being checked on h1.}) 43. Kd2 Bh6 $2 {Very inefficient use
of the bishop.} 44. Qc4 Qb8 45. c7 Qc8 46. Qxf7+ Bg7 47. Rc6 {This would be a
terrible game under normal circumstances, but under rapid time controls it was
simply crazy and fun!} 1-0

[Event "Beijing Sportaccord rap"]
[Site "Beijing"]
[Date "2013.12.13"]
[Round "5"]
[White "Dominguez Perez, Leinier"]
[Black "Kamsky, Gata"]
[Result "1/2-1/2"]
[WhiteElo "2754"]
[BlackElo "2721"]
[PlyCount "115"]
[EventDate "2013.12.12"]
[EventType "swiss (rapid)"]
[EventRounds "7"]
[EventCountry "CHN"]
[SourceTitle "CBM 158"]
[Source "ChessBase"]
[SourceDate "2014.01.16"]
[SourceVersion "1"]
[SourceVersionDate "2014.01.16"]
[SourceQuality "1"]

1. e4 c6 2. Nc3 d5 3. Nf3 Bg4 4. h3 Bxf3 5. Qxf3 e6 6. d4 Nf6 7. Bd3 dxe4 8.
Nxe4 Nxe4 9. Qxe4 Qd5 10. c3 Qxe4+ 11. Bxe4 Bd6 12. Bd2 Nd7 13. O-O-O Nf6 14.
Bf3 h6 15. Kc2 a5 16. c4 Ke7 17. a4 Rhc8 18. Rhe1 Kf8 19. Bc3 b6 20. Rd3 Ra7
21. Bd2 Be7 22. Rb3 Nd7 23. g3 Bf6 24. Bc3 g6 25. Rd1 h5 26. Be1 Kg7 27. Bg2
Rac7 28. f4 Be7 29. g4 hxg4 30. hxg4 Rh8 31. Bg3 Bh4 32. f5 Bxg3 33. Rxg3 Rh2
34. Rd2 e5 35. fxg6 fxg6 36. d5 cxd5 37. Bxd5 Rxd2+ 38. Kxd2 Nc5 39. g5 Nxa4
40. Rb3 Rc8 41. Rb5 Rc5 42. Rb3 Rc8 43. Rb5 Rb8 44. b4 axb4 45. Rxb4 Nc5 46.
Ke3 Kf8 47. Rb1 Ke7 48. Rh1 Ne6 49. Bxe6 Kxe6 50. Rf1 Rc8 51. Rf6+ Ke7 52. Rxg6
Rxc4 53. Rxb6 Kf7 54. g6+ Kg7 55. Re6 Rg4 56. Rxe5 Kxg6 57. Re4 Rxe4+ 58. Kxe4
1/2-1/2

[Event "Beijing Sportaccord rap"]
[Site "Beijing"]
[Date "2013.12.13"]
[Round "6"]
[White "Nepomniachtchi, Ian"]
[Black "Kamsky, Gata"]
[Result "1-0"]
[WhiteElo "2721"]
[BlackElo "2721"]
[PlyCount "83"]
[EventDate "2013.12.12"]
[EventType "swiss (rapid)"]
[EventRounds "7"]
[EventCountry "CHN"]
[SourceTitle "CBM 158"]
[Source "ChessBase"]
[SourceDate "2014.01.16"]
[SourceVersion "1"]
[SourceVersionDate "2014.01.16"]
[SourceQuality "1"]

1. e4 e5 2. Nf3 Nc6 3. d4 exd4 4. Nxd4 Bc5 5. Nxc6 bxc6 6. Nc3 Qf6 7. Qf3 Qxf3
8. gxf3 d6 9. Rg1 g6 10. Be3 Bb6 11. h4 Nf6 12. Na4 Bxe3 13. fxe3 O-O 14. Rg5
a5 15. b3 Re8 16. Kf2 Kf8 17. Rd1 h6 18. Rg1 d5 19. exd5 cxd5 20. c4 c6 21.
cxd5 Nxd5 22. e4 Nf4 23. Rd6 Re6 24. Rd8+ Re8 25. Rxe8+ Kxe8 26. Ke3 Ne6 27.
Bc4 Ke7 28. f4 Rb8 29. Nb2 Nc7 30. h5 gxh5 31. f5 Ba6 32. Nd3 Bxc4 33. bxc4 Na6
34. e5 Kf8 35. f6 Nc7 36. Nc5 Rb4 37. Rd1 Ke8 38. Rd7 Rxc4 39. Re7+ Kd8 40.
Nb7+ Kc8 41. Nd6+ Kd8 42. Nxf7+ 1-0

[Event "Beijing Sportaccord rap"]
[Site "Beijing"]
[Date "2013.12.13"]
[Round "7"]
[White "Kamsky, Gata"]
[Black "Ponomariov, Ruslan"]
[Result "0-1"]
[WhiteElo "2721"]
[BlackElo "2731"]
[PlyCount "98"]
[EventDate "2013.12.12"]
[EventType "swiss (rapid)"]
[EventRounds "7"]
[EventCountry "CHN"]
[SourceTitle "CBM 158"]
[Source "ChessBase"]
[SourceDate "2014.01.16"]
[SourceVersion "1"]
[SourceVersionDate "2014.01.16"]
[SourceQuality "1"]

1. d4 Nf6 2. Nf3 c5 3. d5 d6 4. c4 b5 5. cxb5 a6 6. b6 Nbd7 7. Nc3 g6 8. e4 Bg7
9. Bd3 O-O 10. O-O Nxb6 11. h3 Ne8 12. Re1 Nc7 13. Bg5 f6 14. Bf4 Bd7 15. Qd2
a5 16. Rad1 a4 17. a3 Qb8 18. Nh2 Qb7 19. Ng4 Rab8 20. Qe2 Kh8 21. h4 Nc8 22.
Rd2 f5 23. exf5 Bxf5 24. Bh6 Nxd5 25. Bxf5 Rxf5 26. Nxa4 Nf4 27. Qe4 Bxh6 28.
Nxh6 Qxe4 29. Rxe4 Rf8 30. g3 Nh5 31. Ng4 Rb3 32. Re3 Rb7 33. Nc3 Na7 34. Nd5
Nc6 35. b4 cxb4 36. axb4 e5 37. Kg2 Rfb8 38. Ra3 Nxb4 39. Nde3 e4 40. Rxd6 Nd3
41. Ra1 Rf8 42. Re6 Ndf4+ 43. gxf4 Nxf4+ 44. Kg3 Nxe6 45. Ra4 Rf3+ 46. Kh2 Nf4
47. Ra1 Kg7 48. Kg1 Nh3+ 49. Kg2 Nxf2 0-1

[Event "Beijing Sportaccord Basque"]
[Site "Beijing"]
[Date "2013.12.17"]
[Round "1.1"]
[White "Wang, Yue"]
[Black "Kamsky, Gata"]
[Result "1/2-1/2"]
[WhiteElo "2723"]
[BlackElo "2721"]
[PlyCount "92"]
[EventDate "2013.12.17"]
[EventType "swiss (rapid)"]
[EventRounds "5"]
[EventCountry "CHN"]
[SourceTitle "CBM 158"]
[Source "ChessBase"]
[SourceDate "2014.01.16"]
[SourceVersion "1"]
[SourceVersionDate "2014.01.16"]
[SourceQuality "1"]

1. d4 Nf6 2. c4 g6 3. Nc3 d5 4. Bg5 Ne4 5. Bh4 Nxc3 6. bxc3 dxc4 7. e3 Bg7 8.
Bxc4 O-O 9. Nf3 c5 10. O-O Nc6 11. Rc1 Na5 12. Be2 Be6 13. c4 cxd4 14. Nxd4 Bd7
15. Bf3 Re8 16. Nb3 Nxb3 17. Qxb3 Bc6 18. Rfd1 Qc8 19. Bxc6 Qxc6 20. Qb5 Qe4
21. Bg3 Red8 22. Rd7 Rxd7 23. Qxd7 Bb2 24. Rd1 b6 25. h3 h5 26. Qd5 Qxd5 27.
Rxd5 Rc8 28. Rd7 Rxc4 29. Rxa7 h4 30. Bf4 Bf6 31. g4 hxg3 32. Bxg3 b5 33. Kg2
Kf8 34. Rb7 Ra4 35. Rxb5 Rxa2 36. e4 Ra4 37. Kf3 Bd4 38. h4 f6 39. h5 gxh5 40.
Rxh5 Kf7 41. Rb5 Rc4 42. Rb7 Be5 43. Bxe5 fxe5 44. Rb6 Ra4 45. Rc6 Rd4 46. Ra6
Rb4 1/2-1/2

[Event "Beijing Sportaccord Basque"]
[Site "Beijing"]
[Date "2013.12.17"]
[Round "1.2"]
[White "Kamsky, Gata"]
[Black "Wang, Yue"]
[Result "1-0"]
[WhiteElo "2721"]
[BlackElo "2723"]
[PlyCount "63"]
[EventDate "2013.12.17"]
[EventType "swiss (rapid)"]
[EventRounds "5"]
[EventCountry "CHN"]
[SourceTitle "CBM 158"]
[Source "ChessBase"]
[SourceDate "2014.01.16"]
[SourceVersion "1"]
[SourceVersionDate "2014.01.16"]
[SourceQuality "1"]

1. c4 Nf6 2. Nc3 e5 3. g3 Bb4 4. Bg2 O-O 5. Nf3 Nc6 6. O-O Re8 7. d3 Bxc3 8.
bxc3 e4 9. Nd4 exd3 10. exd3 Nxd4 11. cxd4 d5 12. Bg5 h6 13. Bxf6 Qxf6 14. cxd5
Bf5 15. Qf3 Qg6 16. Rfe1 Bd7 17. Re5 Qb6 18. Qf4 Qd6 19. Qe3 a5 20. h4 a4 21.
Rc1 a3 22. h5 b5 23. Bh3 Red8 24. Bxd7 Qxd7 25. Qe4 b4 26. Re7 Qh3 27. Qf3 Kh8
28. Qxf7 Qg4 29. Rc6 Rd6 30. Rexc7 Rxc6 31. dxc6 Qxd4 32. Rd7 1-0

[Event "Beijing Sportaccord Basque"]
[Site "Beijing"]
[Date "2013.12.17"]
[Round "2.1"]
[White "Ponomariov, Ruslan"]
[Black "Kamsky, Gata"]
[Result "1-0"]
[WhiteElo "2731"]
[BlackElo "2721"]
[PlyCount "89"]
[EventDate "2013.12.17"]
[EventType "swiss (rapid)"]
[EventRounds "5"]
[EventCountry "CHN"]
[SourceTitle "CBM 158"]
[Source "ChessBase"]
[SourceDate "2014.01.16"]
[SourceVersion "1"]
[SourceVersionDate "2014.01.16"]
[SourceQuality "1"]

1. e4 c6 2. d4 d5 3. e5 Bf5 4. Nf3 e6 5. Be2 Ne7 6. O-O Nd7 7. Nbd2 h6 8. Nb3
Rc8 9. Bd2 g5 10. c4 dxc4 11. Na5 Qc7 12. Nxc4 Nd5 13. Rc1 Be7 14. a3 N7b6 15.
Na5 Rd8 16. b4 Qb8 17. h3 Rg8 18. Re1 h5 19. Nh2 Nf4 20. Bxf4 gxf4 21. Kh1 h4
22. Ng4 Bg5 23. Bf3 Bxg4 24. hxg4 Rh8 25. Kh2 Kf8 26. b5 cxb5 27. Nxb7 Rc8 28.
Qb3 a6 29. Nd6 Rxc1 30. Rxc1 Kg7 31. Rc6 Nc4 32. Rxa6 h3 33. gxh3 Nxd6 34. exd6
Rd8 35. Qb4 Bf6 36. Kg2 Rd7 37. Qc5 Bh4 38. Qe5+ Bf6 39. Qxf4 Ra7 40. Rxa7 Qxa7
41. d5 Qxa3 42. g5 Bc3 43. dxe6 fxe6 44. d7 Qe7 45. Qc7 1-0

[Event "Beijing Sportaccord Basque"]
[Site "Beijing"]
[Date "2013.12.17"]
[Round "2.2"]
[White "Kamsky, Gata"]
[Black "Ponomariov, Ruslan"]
[Result "0-1"]
[WhiteElo "2721"]
[BlackElo "2731"]
[PlyCount "120"]
[EventDate "2013.12.17"]
[EventType "swiss (rapid)"]
[EventRounds "5"]
[EventCountry "CHN"]
[SourceTitle "CBM 158"]
[Source "ChessBase"]
[SourceDate "2014.01.16"]
[SourceVersion "1"]
[SourceVersionDate "2014.01.16"]
[SourceQuality "1"]

1. Nf3 d5 2. d4 Nf6 3. Bf4 c5 4. c3 Qb6 5. Qb3 Nc6 6. dxc5 Qxc5 7. Nbd2 e6 8.
e3 Be7 9. h3 O-O 10. Be2 b6 11. O-O Bb7 12. a4 Rac8 13. Rfd1 h6 14. Qa2 Bd8 15.
Nb3 Qe7 16. Qa3 Qxa3 17. Rxa3 Be7 18. Raa1 a6 19. Nfd4 Ne4 20. Nxc6 Rxc6 21.
Nd4 Rcc8 22. Bf3 Ng5 23. Bg4 Rfd8 24. h4 Ne4 25. h5 Nf6 26. Be2 Kf8 27. g4 Ne4
28. f3 Nd6 29. Kf2 Nc4 30. Bxc4 Rxc4 31. Rg1 Bc8 32. Ke2 f6 33. Bg3 e5 34. Nf5
Bd7 35. a5 bxa5 36. Rxa5 Rb8 37. Ra2 Ra4 38. Rga1 Rxb2+ 39. Rxb2 Rxa1 40. Rb8+
Kf7 41. Rb7 Bxf5 42. gxf5 a5 43. e4 Ra2+ 44. Kd3 dxe4+ 45. fxe4 a4 46. Ra7 a3
47. c4 Ke8 48. Ra8+ Kd7 49. Ra7+ Ke8 50. Ra8+ Kd7 51. Ra7+ Kd8 52. Be1 Rg2 53.
Ba5+ Ke8 54. Bb6 Rg3+ 55. Kc2 Bb4 56. Ra4 Rc3+ 57. Kb1 Rb3+ 58. Kc2 Rb2+ 59.
Kd3 a2 60. c5 Rb3+ 0-1

[Event "Beijing Sportaccord Basque"]
[Site "Beijing"]
[Date "2013.12.17"]
[Round "3.1"]
[White "Kamsky, Gata"]
[Black "Giri, Anish"]
[Result "1/2-1/2"]
[WhiteElo "2721"]
[BlackElo "2734"]
[PlyCount "95"]
[EventDate "2013.12.17"]
[EventType "swiss (rapid)"]
[EventRounds "5"]
[EventCountry "CHN"]
[SourceTitle "CBM 158"]
[Source "ChessBase"]
[SourceDate "2014.01.16"]
[SourceVersion "1"]
[SourceVersionDate "2014.01.16"]
[SourceQuality "1"]

1. e4 e5 2. Nf3 Nc6 3. Bb5 Nf6 4. d3 Bc5 5. Bg5 h6 6. Bh4 d6 7. c3 Bd7 8. Nbd2
a6 9. Ba4 b5 10. Bc2 g5 11. Bg3 Nh5 12. Nb3 Bb6 13. a4 b4 14. a5 Ba7 15. Nfd2
g4 16. Nc4 Rb8 17. Nbd2 Qf6 18. Qe2 Nf4 19. Qf1 h5 20. Bxf4 exf4 21. d4 bxc3
22. bxc3 Bxd4 23. cxd4 Nxd4 24. Ra2 d5 25. exd5 O-O 26. Be4 Qg7 27. d6 cxd6 28.
Qd3 Be6 29. Ra4 d5 30. Nb6 Nb5 31. Bxd5 Nc3 32. Rd4 Nxd5 33. Nxd5 Bxd5 34. O-O
Bc6 35. Rxf4 Bb5 36. Nc4 Rbc8 37. Re1 Rfd8 38. Qb3 Bxc4 39. Rxc4 Rxc4 40. Qxc4
Qf6 41. g3 Rd2 42. Qc5 Kg7 43. Rf1 Kg6 44. Rb1 Kg7 45. Qb6 Rd6 46. Qc5 Rd2 47.
Qb6 Rd6 48. Qc7 1/2-1/2

[Event "Beijing Sportaccord Basque"]
[Site "Beijing"]
[Date "2013.12.17"]
[Round "3.2"]
[White "Giri, Anish"]
[Black "Kamsky, Gata"]
[Result "0-1"]
[WhiteElo "2734"]
[BlackElo "2721"]
[PlyCount "130"]
[EventDate "2013.12.17"]
[EventType "swiss (rapid)"]
[EventRounds "5"]
[EventCountry "CHN"]
[SourceTitle "CBM 158"]
[Source "ChessBase"]
[SourceDate "2014.01.16"]
[SourceVersion "1"]
[SourceVersionDate "2014.01.16"]
[SourceQuality "1"]

1. d4 Nf6 2. c4 e6 3. Nf3 b6 4. g3 Ba6 5. b3 Bb4+ 6. Bd2 Bxd2+ 7. Qxd2 c6 8.
Nc3 d5 9. e4 dxe4 10. Ng5 Nbd7 11. Bg2 Qc7 12. O-O O-O 13. Ngxe4 Rad8 14. Rad1
b5 15. cxb5 Bxb5 16. Nxb5 cxb5 17. Qb4 Nxe4 18. Bxe4 Nf6 19. Bf3 Qb6 20. a4
bxa4 21. Qxb6 axb6 22. bxa4 Rd6 23. Rd2 Rc8 24. Rb1 g5 25. Rb4 g4 26. Bb7 Rc7
27. Ba6 Rc1+ 28. Kg2 h5 29. Rdb2 Kg7 30. h3 Nd5 31. Rb5 Nc7 32. Rxb6 Rxd4 33.
hxg4 hxg4 34. Be2 Rxa4 35. R6b4 Rxb4 36. Rxb4 f5 37. f3 Nd5 38. Rb7+ Kf6 39.
Rb2 gxf3+ 40. Bxf3 Ne3+ 41. Kf2 Nc4 42. Ra2 Ne5 43. Be2 Rc3 44. Kg2 Nf7 45. Bf3
Ng5 46. Ba8 Rd3 47. Bb7 Rb3 48. Ba8 Rb6 49. Rc2 Nf7 50. Bf3 Ne5 51. Be2 Nc6 52.
Rd2 Ke5 53. Ra2 Nd4 54. Bf3 Kf6 55. Be2 Kg5 56. Kf2 e5 57. Ra5 e4 58. Ra2 Rb3
59. Bd1 Rd3 60. Ra1 Rd2+ 61. Ke1 Rg2 62. Ra4 Nb5 63. Ra8 Rxg3 64. Kf2 Kf4 65.
Rd8 Nc3 0-1

[Event "Beijing Sportaccord Basque"]
[Site "Beijing"]
[Date "2013.12.18"]
[Round "4.2"]
[White "Ivanchuk, Vassily"]
[Black "Kamsky, Gata"]
[Result "1-0"]
[WhiteElo "2731"]
[BlackElo "2721"]
[PlyCount "57"]
[EventDate "2013.12.17"]
[EventType "swiss (rapid)"]
[EventRounds "5"]
[EventCountry "CHN"]
[SourceTitle "CBM 158"]
[Source "ChessBase"]
[SourceDate "2014.01.16"]
[SourceVersion "1"]
[SourceVersionDate "2014.01.16"]
[SourceQuality "1"]

1. d4 d5 2. c4 c6 3. Nf3 Nf6 4. Nc3 a6 5. cxd5 cxd5 6. Bf4 e6 7. e3 Bd6 8. Ne5
b5 9. Bd3 Bb7 10. Rc1 O-O 11. O-O Nc6 12. a4 Qb8 13. Nxc6 Bxc6 14. axb5 Bxf4
15. bxc6 Bxh2+ 16. Kh1 Bc7 17. Rc2 h5 18. Qe2 Qd8 19. Bxa6 Ne4 20. g3 Bxg3 21.
Qxh5 g6 22. Qh6 Nxf2+ 23. Rcxf2 Rxa6 24. Rf6 Rxc6 25. Kg2 Qxf6 26. Rxf6 Bd6 27.
Rf3 Rb8 28. Rh3 Rxb2+ 29. Kf3 1-0

[Event "Gibraltar Masters 12th"]
[Site "Caleta"]
[Date "2014.01.28"]
[Round "1"]
[White "Sos Andreu, Eric"]
[Black "Kamsky, Gata"]
[Result "0-1"]
[WhiteElo "2285"]
[BlackElo "2709"]
[PlyCount "52"]
[EventDate "2014.01.28"]
[EventType "swiss"]
[EventRounds "10"]
[EventCountry "GGB"]
[SourceTitle "CBM 159"]
[Source "ChessBase"]
[SourceDate "2014.03.17"]
[SourceVersion "1"]
[SourceVersionDate "2014.03.17"]
[SourceQuality "1"]

1. d4 Nf6 2. c4 g6 3. Nc3 Bg7 4. e4 d6 5. Nf3 O-O 6. Be2 c6 7. O-O Bg4 8. Be3
Nbd7 9. h3 Bxf3 10. Bxf3 a6 11. a4 a5 12. Be2 e5 13. Qd2 Re8 14. d5 Nc5 15. Qc2
cxd5 16. cxd5 Rc8 17. f3 Nh5 18. Rfc1 Bf6 19. Nb5 Bg5 20. Bxg5 Qxg5 21. Bc4 Nf4
22. Nxd6 Ncd3 23. Rd1 Nf2 24. g4 Qh4 25. Nxc8 Qg3+ 26. Kf1 N2xh3 0-1

[Event "Gibraltar Masters 12th"]
[Site "Caleta"]
[Date "2014.01.29"]
[Round "2"]
[White "Kamsky, Gata"]
[Black "Guo, Qi"]
[Result "1-0"]
[WhiteElo "2709"]
[BlackElo "2451"]
[PlyCount "115"]
[EventDate "2014.01.28"]
[EventType "swiss"]
[EventRounds "10"]
[EventCountry "GGB"]
[SourceTitle "CBM 159"]
[Source "ChessBase"]
[SourceDate "2014.03.17"]
[SourceVersion "1"]
[SourceVersionDate "2014.03.17"]
[SourceQuality "1"]

1. d4 d5 2. c4 e6 3. Nc3 Be7 4. Bf4 Nf6 5. e3 O-O 6. Nf3 c5 7. dxc5 Bxc5 8. a3
Nc6 9. Be2 dxc4 10. Bxc4 Qxd1+ 11. Rxd1 a6 12. Bd3 Be7 13. h3 b5 14. Ne4 Nd5
15. Bh2 Rd8 16. Rc1 Bb7 17. Ke2 Rac8 18. Nc5 Bxc5 19. Rxc5 Na5 20. Rxc8 Rxc8
21. Nd2 Nb6 22. e4 Nbc4 23. Nxc4 Nxc4 24. Rb1 e5 25. f3 f6 26. Bg3 Nb6 27. Be1
Na4 28. Ke3 Kf7 29. Bb4 Ke8 30. h4 h5 31. g3 Rc6 32. f4 Nc5 33. Be2 g6 34. Bf3
Nb3 35. Bc3 Rc4 36. fxe5 f5 37. Rd1 fxe4 38. Be2 Rc6 39. g4 hxg4 40. Bxg4 Nc5
41. Rd6 Rxd6 42. exd6 Bc6 43. b4 Nb7 44. Be5 a5 45. Kd4 axb4 46. axb4 Bd7 47.
Be2 Bc6 48. Bf4 Nd8 49. Ke5 Bd7 50. Kxe4 Ne6 51. Bg5 Kf7 52. Ke5 Ng7 53. Bf3
Nf5 54. Bd5+ Ke8 55. Be4 Kf7 56. h5 Kg7 57. h6+ Kh7 58. Bxf5 1-0

[Event "Gibraltar Masters 12th"]
[Site "Caleta"]
[Date "2014.01.30"]
[Round "3"]
[White "Lenderman, Aleksandr"]
[Black "Kamsky, Gata"]
[Result "1/2-1/2"]
[WhiteElo "2561"]
[BlackElo "2709"]
[PlyCount "60"]
[EventDate "2014.01.28"]
[EventType "swiss"]
[EventRounds "10"]
[EventCountry "GGB"]
[SourceTitle "CBM 159"]
[Source "ChessBase"]
[SourceDate "2014.03.17"]
[SourceVersion "1"]
[SourceVersionDate "2014.03.17"]
[SourceQuality "1"]

1. d4 d5 2. c4 c6 3. Nf3 Nf6 4. Nc3 a6 5. cxd5 cxd5 6. Bf4 e6 7. e3 Bd6 8. Ne5
Nc6 9. Qa4 Bxe5 10. Bxe5 O-O 11. Bg3 Nh5 12. Qd1 g6 13. Qd2 Nxg3 14. hxg3 f5
15. Be2 Qd6 16. f4 h5 17. Na4 Ne7 18. Nc5 Kg7 19. Bf3 Ng8 20. Nd3 Nf6 21. Ne5
Bd7 22. Rc1 Rfc8 23. Kf2 b6 24. a3 a5 25. Rxc8 Rxc8 26. Rc1 Rc7 27. Kg1 Bb5 28.
Rc3 Nd7 29. Nxd7 Qxd7 30. Kf2 Rxc3 1/2-1/2

[Event "Gibraltar Masters 12th"]
[Site "Caleta"]
[Date "2014.01.31"]
[Round "4"]
[White "Kamsky, Gata"]
[Black "Xu, Jun"]
[Result "1/2-1/2"]
[WhiteElo "2709"]
[BlackElo "2510"]
[PlyCount "66"]
[EventDate "2014.01.28"]
[EventType "swiss"]
[EventRounds "10"]
[EventCountry "GGB"]
[SourceTitle "CBM 159"]
[Source "ChessBase"]
[SourceDate "2014.03.17"]
[SourceVersion "1"]
[SourceVersionDate "2014.03.17"]
[SourceQuality "1"]

1. e4 c5 2. Nf3 d6 3. d4 cxd4 4. Qxd4 a6 5. c4 Nc6 6. Qd2 g6 7. Be2 Bg7 8. O-O
Nf6 9. Nc3 O-O 10. Rb1 Rb8 11. h3 Be6 12. Ng5 Bd7 13. Re1 Ne5 14. f4 Nc6 15.
Kh2 Nd4 16. e5 Nxe2 17. Qxe2 Ne8 18. Be3 dxe5 19. Rbd1 exf4 20. Bxf4 Rc8 21.
Nge4 Nd6 22. Bxd6 exd6 23. Nxd6 Rc6 24. Kh1 Bxc3 25. bxc3 Bg4 26. Nxf7 Bxe2 27.
Nxd8 Bxd1 28. Nxc6 bxc6 29. Rxd1 Rf2 30. Rd6 Rxa2 31. Rxc6 Ra3 32. Kh2 Rxc3 33.
Rxa6 Rxc4 1/2-1/2

[Event "Gibraltar Masters 12th"]
[Site "Caleta"]
[Date "2014.02.01"]
[Round "5"]
[White "Sebag, Marie"]
[Black "Kamsky, Gata"]
[Result "0-1"]
[WhiteElo "2501"]
[BlackElo "2709"]
[PlyCount "104"]
[EventDate "2014.01.28"]
[EventType "swiss"]
[EventRounds "10"]
[EventCountry "GGB"]
[SourceTitle "CBM 159"]
[Source "ChessBase"]
[SourceDate "2014.03.17"]
[SourceVersion "1"]
[SourceVersionDate "2014.03.17"]
[SourceQuality "1"]

1. e4 c5 2. Nf3 g6 3. c3 d5 4. exd5 Qxd5 5. d4 Bg7 6. Na3 cxd4 7. Bc4 Qd8 8.
Qb3 e6 9. Nxd4 Nc6 10. Nxc6 bxc6 11. Be3 Nf6 12. Qb4 Bd7 13. Bb3 Nd5 14. Qc5
Nxe3 15. Qxe3 O-O 16. Rd1 Qc7 17. Qc5 Rfd8 18. Nc4 Be8 19. O-O Bf8 20. Qe3 c5
21. Bc2 Bb5 22. Bd3 Rd5 23. Na3 Bc6 24. Bc4 Rxd1 25. Rxd1 Qb7 26. Bf1 Qxb2 27.
Nc4 Qxa2 28. Ne5 Qa4 29. Be2 Be8 30. Ng4 Bg7 31. Qxc5 Qc6 32. Qe7 Qxc3 33. Bf3
Rc8 34. Qxa7 h5 35. Ne3 Bh6 36. Nf1 h4 37. Qe7 Qc4 38. Ne3 Qf4 39. h3 Bf8 40.
Qb7 Rb8 41. Qa7 Bg7 42. Ng4 Ba4 43. Re1 Bd4 44. Qe7 Rb2 45. Kh1 Kg7 46. Rxe6
Bxf2 47. Nxf2 Rxf2 48. Be2 Qc1+ 49. Kh2 Bc6 50. Bf3 Qf4+ 51. Kg1 Rxf3 52. gxf3
Qg3+ 0-1